Isogram State Capitals Quiz Stats

Quiz Updated Dec 9, 2015

Challenge
Share
Tweet
Embed
Score 0/14 Timer 03:00
10 Plays Today
Isogram Capitals % Correct
Austin, TX
84.5%
Phoenix, AZ
74.8%
Boise, ID
72.4%
Salem, OR
72.4%
Olympia, WA
67.7%
Dover, DE
63.1%
Bismarck, ND
62.4%
Isogram Capitals % Correct
Raleigh, NC
61.4%
Jackson, MS
61.1%
Topeka, KS
58.8%
Madison, WI
57.3%
Richmond, VA
53.1%
Columbia, SC
52.7%
Charleston, WV
44.5%

You're not logged in!

Compare scores with friends on all Sporcle quizzes.
Sign Up with Email
OR
Log In

You Might Also Like...

Show Comments

Extras

Top Quizzes Today


Score Distribution

Your Account Isn't Verified!

In order to create a playlist on Sporcle, you need to verify the email address you used during registration. Go to your Sporcle Settings to finish the process.